000 00326nam a2200121Ia 4500
005 20260326100027.0
008 260326s9999||||xx |||||||||||||| ||und||
100 _aSevilla, Alfonso
245 0 _aArquitectura Solar para Climas calidos /
_cAlfonso Sevilla
260 _bGeohabitat
650 _aARQUITECTURA Y CLIMA
942 _cBK
999 _c6438
_d6438